000 00337nam a2200133Ia 4500
008 240624s9999 xx 000 0 und d
041 _aeng
082 _a153.12 LOR
100 _aLORAYNE HARRY
245 _aHOW TO GET RICH USING THE POWER OF YOUR
260 _c2003
_aNew Delhi
_bHarper Collins
300 _a226 : cm. ; 18
365 _cRS
999 _c2312
_d2312